<?xml version="1.0" encoding="UTF-8"?>
<record
    xmlns:xsi="http://www.w3.org/2001/XMLSchema-instance"
    xsi:schemaLocation="http://www.loc.gov/MARC21/slim http://www.loc.gov/standards/marcxml/schema/MARC21slim.xsd"
    xmlns="http://www.loc.gov/MARC21/slim">

  <leader>00883nam a2200193Ia 4500</leader>
  <datafield tag="999" ind1=" " ind2=" ">
    <subfield code="c">37786</subfield>
    <subfield code="d">37786</subfield>
  </datafield>
  <controlfield tag="001">3763</controlfield>
  <controlfield tag="003">GE_BSU</controlfield>
  <controlfield tag="005">20190806161949.0</controlfield>
  <controlfield tag="008">181216s1977||||ge |||||||||||||| ||geo||</controlfield>
  <datafield tag="040" ind1=" " ind2=" ">
    <subfield code="c">GE_BSU</subfield>
  </datafield>
  <datafield tag="041" ind1=" " ind2=" ">
    <subfield code="a">geo</subfield>
  </datafield>
  <datafield tag="080" ind1=" " ind2=" ">
    <subfield code="a">091  &#x10ED;&#x2013;46</subfield>
  </datafield>
  <datafield tag="245" ind1=" " ind2=" ">
    <subfield code="a">&#x10ED;&#x10D8;&#x10DA;&#x2013;&#x10D4;&#x10E2;&#x10E0;&#x10D0;&#x10E2;&#x10D8;&#x10E1; &#x10D8;&#x10D0;&#x10D3;&#x10D2;&#x10D0;&#x10E0;&#x10D8; = &#x41F;&#x430;&#x43F;&#x438;&#x440;&#x443;&#x441;&#x43D;&#x43E;-&#x43F;&#x435;&#x440;&#x433;&#x430;&#x43C;&#x435;&#x43D;&#x442;&#x43D;&#x430;&#x44F; &#x43C;&#x438;&#x43D;&#x435;&#x44F; /</subfield>
    <subfield code="c">&#x10D2;&#x10D0;&#x10DB;&#x10DD;&#x10E1;&#x10EA;&#x10D4;&#x10E1; &#x10D3;&#x10D0; &#x10D2;&#x10D0;&#x10DB;&#x10DD;&#x10D9;&#x10D5;&#x10DA;&#x10D4;&#x10D5;&#x10D0; &#x10D3;&#x10D0;&#x10E3;&#x10E0;&#x10D7;&#x10D4;&#x10E1; &#x10D0; &#x10E8;&#x10D0;&#x10DC;&#x10D8;&#x10EB;&#x10D4;&#x10DB;, &#x10D0;. &#x10DB;&#x10D0;&#x10E0;&#x10E2;&#x10D8;&#x10E0;&#x10DD;&#x10E1;&#x10DD;&#x10D5;&#x10DB;&#x10D0; &#x10D3;&#x10D0; &#x10D0;.&#x10EF;&#x10D8;&#x10E8;&#x10D8;&#x10D0;&#x10E8;&#x10D5;&#x10D8;&#x10DA;&#x10DB;&#x10D0;.</subfield>
  </datafield>
  <datafield tag="264" ind1=" " ind2=" ">
    <subfield code="a">&#x10D7;&#x10D1;&#x10D8;&#x10DA;&#x10D8;&#x10E1;&#x10D8; :</subfield>
    <subfield code="b">&#x10DB;&#x10D4;&#x10EA;&#x10DC;&#x10D8;&#x10D4;&#x10E0;&#x10D4;&#x10D1;&#x10D0;,</subfield>
    <subfield code="c">1977.</subfield>
  </datafield>
  <datafield tag="300" ind1=" " ind2=" ">
    <subfield code="a">300 &#x10D2;&#x10D5;. ;</subfield>
    <subfield code="b">26 &#x10E1;&#x10DB;.</subfield>
  </datafield>
  <datafield tag="490" ind1=" " ind2=" ">
    <subfield code="a">&#x10EB;&#x10D5;. &#x10E5;&#x10D0;&#x10E0;&#x10D7;&#x10E3;&#x10DA;&#x10D8; &#x10D4;&#x10DC;&#x10D8;&#x10E1; &#x10EB;&#x10D4;&#x10D2;&#x10DA;&#x10D4;&#x10D1;&#x10D8; </subfield>
    <subfield code="v">15</subfield>
  </datafield>
  <datafield tag="653" ind1=" " ind2=" ">
    <subfield code="a">&#x10ED;&#x10D8;&#x10DA;&#x2013;&#x10D4;&#x10E2;&#x10E0;&#x10D0;&#x10E2;&#x10D8;&#x10E1; &#x10D8;&#x10D0;&#x10D3;&#x10D2;&#x10D0;&#x10E0;&#x10D8;.</subfield>
  </datafield>
  <datafield tag="942" ind1=" " ind2=" ">
    <subfield code="c">BK</subfield>
    <subfield code="2">udc</subfield>
  </datafield>
  <datafield tag="952" ind1=" " ind2=" ">
    <subfield code="0">0</subfield>
    <subfield code="1">0</subfield>
    <subfield code="2">udc</subfield>
    <subfield code="4">0</subfield>
    <subfield code="6">091_&#x10ED;46</subfield>
    <subfield code="7">0</subfield>
    <subfield code="9">38337</subfield>
    <subfield code="a">CPL</subfield>
    <subfield code="b">CPL</subfield>
    <subfield code="c">GEN</subfield>
    <subfield code="d">2018-12-17</subfield>
    <subfield code="g">15.00</subfield>
    <subfield code="o">091  &#x10ED;&#x2013;46</subfield>
    <subfield code="p">5317</subfield>
    <subfield code="r">2018-12-17</subfield>
    <subfield code="t">5317</subfield>
    <subfield code="w">2018-12-17</subfield>
    <subfield code="y">BK</subfield>
    <subfield code="z">15 &#x10DA;.</subfield>
  </datafield>
  <datafield tag="952" ind1=" " ind2=" ">
    <subfield code="0">0</subfield>
    <subfield code="1">0</subfield>
    <subfield code="2">udc</subfield>
    <subfield code="4">0</subfield>
    <subfield code="6">091_&#x10ED;46</subfield>
    <subfield code="7">0</subfield>
    <subfield code="9">38338</subfield>
    <subfield code="a">CPL</subfield>
    <subfield code="b">CPL</subfield>
    <subfield code="c">GEN</subfield>
    <subfield code="d">2018-12-17</subfield>
    <subfield code="g">15.00</subfield>
    <subfield code="o">091  &#x10ED;&#x2013;46</subfield>
    <subfield code="p">5318</subfield>
    <subfield code="r">2018-12-17</subfield>
    <subfield code="t">5318</subfield>
    <subfield code="w">2018-12-17</subfield>
    <subfield code="y">BK</subfield>
    <subfield code="z">15 &#x10DA;.</subfield>
  </datafield>
</record>
